[Event "CHN-chT"]
[Site "Qingdao"]
[Date "2024.04.04"]
[Round "3.4"]
[White "Zhong, Kangmin"]
[Black "Huang, Renjie"]
[Result "0-1"]
[WhiteElo "2022"]
[BlackElo "2487"]
[PlyCount "114"]
[EventDate "2024.04.02"]
[EventType "team-swiss"]
[EventRounds "9"]
[EventCountry "CHN"]
[SourceTitle "CB16_2024"]
[SourceDate "2024.04.17"]
[SourceVersion "1"]
[SourceVersionDate "2024.04.17"]
[SourceQuality "1"]
[WhiteTeam "Chengdu"]
[BlackTeam "Shandong"]
[WhiteTeamCountry "CHN"]
[BlackTeamCountry "CHN"]

1. d4 Nf6 2. c4 e6 3. Nf3 d5 4. g3 dxc4 5. Bg2 c6 6. 0-0 b5 7. a4 Bb7 8. Ne5 Qc8 9. b3 cxb3 10. Qxb3 b4 11. Be3 Nbd7 12. Nxd7 Qxd7 13. Rc1 Nd5 14. Bd2 a5 15. e4 Nf6 16. Be3 Be7 17. Nd2 0-0 18. Nc4 Qd8 19. Rd1 Ba6 20. Rac1 Rc8 21. Ne5 Bb7 22. Nc4 Re8 23. h3 h6 24. Kh2 Bf8 25. Rd2 Ba8 26. Bf4 Nd7 27. Rcd1 Bb7 28. Nd6 Bxd6 29. Bxd6 Qb6 30. e5 Ba8 31. Rc1 Qa7 32. Bc5 Qa6 33. Bf1 Qb7 34. Bc4 Rcd8 35. Rcd1 Nb6 36. Bd3 Nd5 37. Bc2 Nc3 38. Rg1 Rd5 39. f4 Red8 40. Rf2 Rxd4 41. Bxd4 Rxd4 42. f5 c5 43. fxe6 c4 44. Bh7+ Kxh7 45. Qc2+ Ne4 46. exf7 Qxf7 47. Rxf7 Rd2+ 48. Rg2 Rxc2 49. Rxc2 c3 50. Rc1 b3 51. Rd1 Bc6 52. Rc7 c2 53. Rf1 Nd2 54. Rff7 Nf3+ 55. Rxf3 Bxf3 56. e6 b2 57. e7 b1Q 0-1

[Event "CHN-ch U20"]
[Site "Shanghai"]
[Date "2024.02.16"]
[Round "1"]
[White "Zhong, Kangmin"]
[Black "Xue, Fanli"]
[Result "1-0"]
[WhiteElo "2036"]
[BlackElo "1435"]
[PlyCount "111"]
[EventDate "2024.02.16"]
[EventType "swiss"]
[EventRounds "11"]
[EventCountry "CHN"]
[SourceTitle "CB09_2024"]
[SourceDate "2024.02.28"]
[SourceVersion "1"]
[SourceVersionDate "2024.02.28"]
[SourceQuality "1"]

1. d4 Nf6 2. c4 e6 3. Nf3 d5 4. g3 dxc4 5. Bg2 Bb4+ 6. Nc3 c5 7. 0-0 0-0 8. dxc5 Qxd1 9. Rxd1 Bxc3 10. bxc3 Ne4 11. Bb2 Nxc5 12. Ba3 Nbd7 13. Nd2 Rb8 14. Nxc4 b6 15. Nd6 Ba6 16. Kf1 Rfd8 17. Rd4 Nf6 18. Rad1 h6 19. c4 e5 20. R4d2 Ne6 21. e3 Ne8 22. Kg1 Nxd6 23. Bxd6 Rbc8 24. Bxe5 Rxd2 25. Rxd2 Rxc4 26. h3 Rc1+ 27. Kh2 Bf1 28. Bb2 Re1 29. Bd5 Re2 30. Rxe2 Bxe2 31. Kg2 Nc7 32. Bb3 Ba6 33. f3 Kf8 34. Kf2 g6 35. e4 Ke7 36. Ke3 Ne6 37. h4 h5 38. Ba3+ Kd7 39. f4 Bb5 40. Bb2 Bc6 41. f5 Nd8 42. Bf6 gxf5 43. exf5 a5 44. Bxd8 Kxd8 45. Bxf7 Bd7 46. Kf4 Be8 47. Bxe8 Kxe8 48. Kg5 b5 49. Kxh5 b4 50. Kg6 a4 51. Kg7 b3 52. axb3 axb3 53. f6 b2 54. f7+ Kd7 55. f8Q b1Q 56. Qf7+ 1-0

[Event "Hong Kong op"]
[Site "Hong Kong"]
[Date "2023.12.26"]
[Round "5"]
[White "Zhao, Yuanhe"]
[Black "Zhong, Kangmin"]
[Result "1/2-1/2"]
[WhiteElo "2462"]
[BlackElo "1989"]
[PlyCount "96"]
[EventDate "2023.12.24"]
[EventType "swiss"]
[EventRounds "9"]
[EventCountry "HKG"]
[SourceTitle "CB01_2024"]
[SourceDate "2024.01.03"]
[SourceVersion "1"]
[SourceVersionDate "2024.01.03"]
[SourceQuality "1"]

1. c4 e6 2. Nf3 Nf6 3. b3 c5 4. Bb2 Be7 5. g3 b6 6. Bg2 Bb7 7. 0-0 0-0 8. d3 d5 9. Nbd2 Nc6 10. a3 Qd7 11. Ne5 Nxe5 12. Bxe5 Ng4 13. Bb2 Bf6 14. Qc2 Bxb2 15. Qxb2 Nf6 16. Nf3 Qe7 17. Rab1 Rfd8 18. Rfc1 Rac8 19. Ne5 Nd7 20. cxd5 Nxe5 21. Qxe5 Bxd5 22. Bxd5 Rxd5 23. Qe3 Rd7 24. Rc4 Rcd8 25. b4 cxb4 26. Rbxb4 Rc7 27. Rxc7 Qxc7 28. Rc4 Qe7 29. a4 h6 30. h4 Rd5 31. Qe4 g6 32. Rc8+ Rd8 33. Rc6 Rd5 34. Qf4 Kg7 35. Rc7 Rd7 36. Rc8 Qd6 37. Qc4 Qd5 38. Qb4 Qd6 39. Qc3+ Qd4 40. Qc2 Rd5 41. Rc3 Rc5 42. Rxc5 bxc5 43. Kg2 Qb4 44. e3 h5 45. Kf1 a5 46. Ke2 Kg8 47. Qc4 Kg7 48. Kf3 Kf6 1/2-1/2

[Event "Tianjin Binhai Cup-A 3rd"]
[Site "Tianjin"]
[Date "2023.08.25"]
[Round "9"]
[White "Xie, Jianjun"]
[Black "Zhong, Kangmin"]
[Result "1/2-1/2"]
[WhiteElo "2397"]
[BlackElo "1906"]
[PlyCount "68"]
[EventDate "2023.08.20"]
[EventType "swiss"]
[EventRounds "9"]
[EventCountry "CHN"]
[SourceTitle "CBM 215 Extra"]
[Source "ChessBase"]
[SourceDate "2023.09.30"]
[SourceVersion "1"]
[SourceVersionDate "2023.09.30"]
[SourceQuality "1"]

1. e4 c5 2. Nf3 Nc6 3. c3 Nf6 4. e5 Nd5 5. d4 cxd4 6. Bc4 Nb6 7. Bb3 d5 8. exd6 Qxd6 9. 0-0 Be6 10. Na3 dxc3 11. Nb5 Qxd1 12. Rxd1 Rc8 13. Bxe6 fxe6 14. bxc3 Nc4 15. Rb1 e5 16. Ng5 h6 17. Ne6 Kf7 18. Nbc7 b6 19. f4 exf4 20. Bxf4 g5 21. Bg3 Kg6 22. Rd7 Rh7 23. Re1 Rf7 24. Nd5 Bg7 25. Nxg7 Kxg7 26. Nxe7 Rcf8 27. Nf5+ Kg6 28. Rxf7 Rxf7 29. Nxh6 Kxh6 30. Re6+ Kh5 31. Rxc6 Ne3 32. Bf2 Ng4 33. Bg3 Ne3 34. Bf2 Ng4 1/2-1/2

[Event "Tianjin Binhai Cup-A 3rd"]
[Site "Tianjin"]
[Date "2023.08.24"]
[Round "7"]
[White "Chu, Ruotong"]
[Black "Zhong, Kangmin"]
[Result "1/2-1/2"]
[WhiteElo "2166"]
[BlackElo "1906"]
[PlyCount "61"]
[EventDate "2023.08.20"]
[EventType "swiss"]
[EventRounds "9"]
[EventCountry "CHN"]
[SourceTitle "CBM 215 Extra"]
[Source "ChessBase"]
[SourceDate "2023.09.30"]
[SourceVersion "1"]
[SourceVersionDate "2023.09.30"]
[SourceQuality "1"]

1. d4 d5 2. c4 c6 3. cxd5 cxd5 4. Bf4 Nc6 5. e3 Nf6 6. Nc3 Bf5 7. Qb3 Na5 8. Qa4+ Bd7 9. Qc2 e6 10. Bd3 Rc8 11. Nf3 Bb4 12. 0-0 0-0 13. Rfc1 a6 14. Ne5 Bxc3 15. bxc3 Bb5 16. Bxb5 axb5 17. Rab1 Ne4 18. Rxb5 Rxc3 19. Qb2 Rxc1+ 20. Qxc1 Qc8 21. Qxc8 Rxc8 22. h4 Ra8 23. Nd7 h5 24. Bc7 Nc6 25. Rxb7 Rxa2 26. Rb6 Rc2 27. Nc5 Nxc5 28. Rxc6 Rc1+ 29. Kh2 Nd3 30. Rxc1 Nxc1 31. Kg3 1/2-1/2

[Event "Tianjin Binhai Cup-A 3rd"]
[Site "Tianjin"]
[Date "2023.08.24"]
[Round "8"]
[White "Zhong, Kangmin"]
[Black "Li, Bo"]
[Result "1/2-1/2"]
[WhiteElo "1906"]
[BlackElo "2227"]
[PlyCount "110"]
[EventDate "2023.08.20"]
[EventType "swiss"]
[EventRounds "9"]
[EventCountry "CHN"]
[SourceTitle "CBM 215 Extra"]
[Source "ChessBase"]
[SourceDate "2023.09.30"]
[SourceVersion "1"]
[SourceVersionDate "2023.09.30"]
[SourceQuality "1"]

1. d4 Nf6 2. c4 g6 3. Nc3 d5 4. cxd5 Nxd5 5. e4 Nxc3 6. bxc3 Bg7 7. Nf3 c5 8. h3 0-0 9. Be2 Nc6 10. Be3 Qa5 11. 0-0 Rd8 12. d5 Ne5 13. Nxe5 Bxe5 14. Rc1 b6 15. Qb3 Ba6 16. c4 Bd4 17. Bxd4 cxd4 18. Rfd1 Qc5 19. e5 e6 20. dxe6 fxe6 21. Bg4 Re8 22. Qa4 Bb7 23. Qd7 Re7 24. Qxd4 Qxd4 25. Rxd4 h5 26. Be2 Rc8 27. f4 Rc5 28. Rc3 Bc6 29. Rg3 Kh7 30. Bd3 Be8 31. Kh2 Ra5 32. a3 Kg7 33. Bb1 Rc7 34. Rd6 Re7 35. Ba2 Rc5 36. Rgd3 Bc6 37. Kg3 h4+ 38. Kxh4 Bxg2 39. Rd7 Kf7 40. Rxe7+ Kxe7 41. Kg5 Be4 42. Rd4 Bf5 43. Bb3 Bxh3 44. Ba4 Rc7 45. Kxg6 Bf5+ 46. Kg5 Rb7 47. Bb5 Rc7 48. Rd2 Rb7 49. Kh6 Rc7 50. Rg2 Kf8 51. Rd2 Rh7+ 52. Kg5 Rg7+ 53. Kh4 Rh7+ 54. Kg5 Rg7+ 55. Kh4 Rh7+ 1/2-1/2

[Event "Daqing Boyi Cup-A"]
[Site "Daqing"]
[Date "2023.08.16"]
[Round "7"]
[White "Jiang, Haochen"]
[Black "Zhong, Kangmin"]
[Result "1-0"]
[WhiteElo "2018"]
[BlackElo "1906"]
[PlyCount "67"]
[EventDate "2023.08.13"]
[EventType "swiss"]
[EventRounds "9"]
[EventCountry "CHN"]
[SourceTitle "EXT 2024"]
[Source "ChessBase"]
[SourceDate "2023.10.10"]
[SourceVersion "1"]
[SourceVersionDate "2023.10.10"]
[SourceQuality "1"]

1. d4 Nf6 2. Nc3 d5 3. Bf4 e6 4. e3 Bb4 5. Bd3 c5 6. dxc5 Nbd7 7. Nge2 0-0 8. Bd6 Re8 9. Bb5 a6 10. Bxd7 Nxd7 11. Qd4 Qa5 12. e4 dxe4 13. c6 Bxc3+ 14. Qxc3 Qxc3+ 15. Nxc3 bxc6 16. Nxe4 f5 17. Nc5 Nxc5 18. Bxc5 Rd8 19. Rd1 Rxd1+ 20. Kxd1 Bb7 21. c4 Kf7 22. f4 h6 23. Kc2 Rd8 24. h4 Kf6 25. Re1 Bc8 26. Re3 g5 27. hxg5+ hxg5 28. g3 gxf4 29. gxf4 Rg8 30. Bd6 Rg2+ 31. Kb3 Rd2 32. Be5+ Ke7 33. Kb4 Rh2 34. Kc5 1-0

[Event "Daqing Boyi Cup-A"]
[Site "Daqing"]
[Date "2023.08.14"]
[Round "4"]
[White "Gong, Sunle"]
[Black "Zhong, Kangmin"]
[Result "1/2-1/2"]
[WhiteElo "2014"]
[BlackElo "1906"]
[PlyCount "112"]
[EventDate "2023.08.13"]
[EventType "swiss"]
[EventRounds "9"]
[EventCountry "CHN"]
[SourceTitle "EXT 2024"]
[Source "ChessBase"]
[SourceDate "2023.10.10"]
[SourceVersion "1"]
[SourceVersionDate "2023.10.10"]
[SourceQuality "1"]

1. d4 d5 2. c4 c6 3. Nc3 Nf6 4. Nf3 dxc4 5. a4 Bf5 6. Ne5 Nbd7 7. Nxc4 Nb6 8. Ne5 a5 9. f3 Nfd7 10. Nxd7 Bxd7 11. e4 e6 12. Be3 Bb4 13. Be2 0-0 14. 0-0 Rc8 15. Na2 Be7 16. Rc1 c5 17. b3 cxd4 18. Qxd4 Na8 19. Rxc8 Qxc8 20. Rc1 Qd8 21. Rd1 Bc6 22. Qb2 Qc8 23. Bc4 Rd8 24. Rxd8+ Bxd8 25. Qf2 Bc7 26. Nc3 Qd8 27. Qd2 Qxd2 28. Bxd2 Bb6+ 29. Kf1 Nc7 30. Nd1 Ne8 31. Ne3 Nd6 32. Bd3 f6 33. Ke2 Kf7 34. h4 h5 35. Bc3 e5 36. Nc4 Nxc4 37. Bxc4+ Ke7 38. Kd3 g6 39. Bg8 Bd8 40. Kc4 b6 41. Bb2 Kf8 42. Bd5 Bd7 43. Bc1 Bc7 44. Ba3+ Ke8 45. Bg8 Bc6 46. Be6 Bd8 47. Bc1 Bc7 48. Be3 Ke7 49. Bc8 Kd8 50. Ba6 Ke7 51. Bb5 Bb7 52. Kc3 Bc8 53. Bc6 Ba6 54. Bb5 Bc8 55. Bc6 Ba6 56. Bb5 Bc8 1/2-1/2

[Event "Daqing Boyi Cup-A"]
[Site "Daqing"]
[Date "2023.08.14"]
[Round "3"]
[White "Zhong, Kangmin"]
[Black "Wang, Qinxuanyi"]
[Result "1-0"]
[WhiteElo "1906"]
[BlackElo "2032"]
[PlyCount "61"]
[EventDate "2023.08.13"]
[EventType "swiss"]
[EventRounds "9"]
[EventCountry "CHN"]
[SourceTitle "EXT 2024"]
[Source "ChessBase"]
[SourceDate "2023.10.10"]
[SourceVersion "1"]
[SourceVersionDate "2023.10.10"]
[SourceQuality "1"]

1. d4 d5 2. c4 c6 3. Nc3 Nf6 4. e3 e6 5. b3 Nbd7 6. Bb2 Bd6 7. Bd3 0-0 8. Nge2 b6 9. 0-0 Bb7 10. Ng3 dxc4 11. bxc4 c5 12. d5 exd5 13. cxd5 a6 14. a4 Re8 15. e4 Qc7 16. Rb1 Rac8 17. Nce2 c4 18. Bc2 b5 19. axb5 axb5 20. Bc3 Qb6 21. Qd2 Bc5 22. Nf5 h6 23. Nxg7 Kxg7 24. Ng3 Bf8 25. Nf5+ Kh7 26. e5 Nxe5 27. Rxb5 Qxb5 28. Nd4+ Kh8 29. Nxb5 Rc5 30. Qf4 Rxd5 31. Nc7 1-0

[Event "CHN-ch U20"]
[Site "Shenzhen"]
[Date "2023.08.02"]
[Round "11"]
[White "Zhong, Kangmin"]
[Black "Wang, Hanlin"]
[Result "1-0"]
[WhiteElo "1906"]
[BlackElo "1351"]
[PlyCount "40"]
[EventDate "2023.07.28"]
[EventType "swiss"]
[EventRounds "11"]
[EventCountry "CHN"]
[SourceTitle "CBM 215 Extra"]
[Source "ChessBase"]
[SourceDate "2023.09.30"]
[SourceVersion "1"]
[SourceVersionDate "2023.09.30"]
[SourceQuality "1"]

1. Nf3 Nf6 2. c4 e6 3. g3 c5 4. Bg2 d5 5. cxd5 Nxd5 6. 0-0 Be7 7. Nc3 Nc6 8. d3 0-0 9. Bd2 a6 10. Rc1 b6 11. Qa4 Bd7 12. Qb3 Na5 13. Qc2 Nb4 14. Qb1 Rc8 15. Ne5 Be8 16. Rfd1 Nac6 17. Nxc6 Bxc6 18. Ne4 f5 19. Bxb4 cxb4 20. Nd2 Bxg2 1-0

[Event "CHN-ch U20"]
[Site "Shenzhen"]
[Date "2023.07.31"]
[Round "7"]
[White "Zhou, Ziyu"]
[Black "Zhong, Kangmin"]
[Result "1/2-1/2"]
[WhiteElo "1314"]
[BlackElo "1906"]
[PlyCount "41"]
[EventDate "2023.07.28"]
[EventType "swiss"]
[EventRounds "11"]
[EventCountry "CHN"]
[SourceTitle "CBM 215 Extra"]
[Source "ChessBase"]
[SourceDate "2023.09.30"]
[SourceVersion "1"]
[SourceVersionDate "2023.09.30"]
[SourceQuality "1"]

1. Nf3 Nf6 2. g3 b6 3. Bg2 Bb7 4. c4 c5 5. 0-0 e6 6. Nc3 Be7 7. Ne5 Bxg2 8. Kxg2 Qc7 9. Nf3 0-0 10. d4 cxd4 11. Qxd4 Rc8 12. b3 d5 13. Nb5 Qb7 14. cxd5 Qxd5 15. Qxd5 Nxd5 16. Ba3 Bxa3 17. Nxa3 Nd7 18. Nc4 N7f6 19. Rfc1 Kf8 20. Nd6 Rd8 21. Nb5 1/2-1/2

[Event "CHN-ch U20"]
[Site "Shenzhen"]
[Date "2023.07.28"]
[Round "2"]
[White "Liu, Chuming"]
[Black "Zhong, Kangmin"]
[Result "1/2-1/2"]
[WhiteElo "1529"]
[BlackElo "1906"]
[PlyCount "64"]
[EventDate "2023.07.28"]
[EventType "swiss"]
[EventRounds "11"]
[EventCountry "CHN"]
[SourceTitle "CBM 215 Extra"]
[Source "ChessBase"]
[SourceDate "2023.09.30"]
[SourceVersion "1"]
[SourceVersionDate "2023.09.30"]
[SourceQuality "1"]

1. d4 Nf6 2. c4 e6 3. Nf3 b6 4. g3 Bb7 5. Bg2 Bb4+ 6. Bd2 a5 7. 0-0 0-0 8. a3 Be7 9. Nc3 Ne4 10. Qc2 Nxd2 11. Qxd2 d6 12. Rfd1 Nd7 13. Ne1 Bxg2 14. Nxg2 Qc8 15. e4 Qb7 16. f4 c6 17. Ne3 b5 18. b3 bxc4 19. bxc4 Rfb8 20. Rdb1 Qa7 21. Kg2 Rxb1 22. Rxb1 Rb8 23. Rxb8+ Qxb8 24. Ncd1 Bd8 25. Qb2 Qa7 26. Nc2 h6 27. Nde3 Qa8 28. Kg1 Bb6 29. Kf1 Qa6 30. Kg2 Bd8 31. Kf3 Qa8 32. Ke2 Qa6 1/2-1/2

[Event "CHN-chT"]
[Site "Hangzhou"]
[Date "2023.05.25"]
[Round "7.2"]
[White "Xiao, Tong"]
[Black "Zhong, Kangmin"]
[Result "1-0"]
[WhiteElo "2287"]
[BlackElo "1880"]
[PlyCount "149"]
[EventDate "2023.05.19"]
[EventType "team-swiss"]
[EventRounds "9"]
[EventCountry "CHN"]
[SourceTitle "CBM 214 Extra"]
[Source "ChessBase"]
[SourceDate "2023.07.31"]
[SourceVersion "1"]
[SourceVersionDate "2023.07.31"]
[SourceQuality "1"]
[WhiteTeam "Shandong"]
[BlackTeam "Chengdu"]
[WhiteTeamCountry "CHN"]
[BlackTeamCountry "CHN"]

1. Nf3 Nf6 2. d4 d5 3. Bf4 e6 4. e3 Bd6 5. Bg3 0-0 6. c4 c5 7. dxc5 Bxc5 8. Nc3 Nc6 9. a3 dxc4 10. Bxc4 a6 11. Qc2 b5 12. Ba2 Be7 13. Nxb5 axb5 14. Qxc6 Qa5+ 15. Nd2 Bd7 16. Qf3 Rac8 17. Qe2 Rc2 18. Qd3 Rfc8 19. Bb3 Rxb2 20. Be5 Rxb3 21. Qxb3 Ne4 22. Rd1 Nxd2 23. Rxd2 Rc1+ 24. Ke2 Rxh1 25. Rxd7 Bf8 26. Qd3 Re1+ 27. Kf3 Qa8+ 28. Kg3 Rc1 29. Bd6 Rc8 30. Bb4 Qb8+ 31. f4 h6 32. Kf3 Qa8+ 33. Kg3 Qb8 34. h4 Qb6 35. h5 Qc6 36. Rd8 Qa8 37. Rxc8 Qxc8 38. Qxb5 Qc1 39. Qb8 Qxe3+ 40. Kh2 Kh7 41. Bxf8 Qf2 42. Qe5 Qh4+ 43. Kg1 f6 44. Qxe6 Qxf4 45. Qd7 Qe3+ 46. Kf1 Qf4+ 47. Ke2 Qe4+ 48. Kd2 Qf4+ 49. Kc3 Qc1+ 50. Kb3 Qb1+ 51. Kc3 Qc1+ 52. Kb3 Qb1+ 53. Ka4 Qc2+ 54. Kb5 Qe2+ 55. Kb6 Qf2+ 56. Bc5 Qxg2 57. a4 Qb2+ 58. Qb5 Qe5 59. Qd3+ f5 60. Bd6 Qb2+ 61. Qb5 Qd4+ 62. Kc6 Qe4+ 63. Kc7 f4 64. Qc6 Qe3 65. Bc5 Qe5+ 66. Kb6 Qb2+ 67. Ka7 Qc3 68. Qe4+ Kh8 69. Qe8+ Kh7 70. Qe4+ Kh8 71. Bb6 Qf6 72. Qe8+ Kh7 73. Qe4+ Kh8 74. Qe8+ Kh7 75. Qg6+ 1-0

[Event "CHN-chT"]
[Site "Hangzhou"]
[Date "2023.05.21"]
[Round "3.3"]
[White "Zhong, Kangmin"]
[Black "Xue, Haowen"]
[Result "0-1"]
[WhiteElo "1880"]
[BlackElo "2335"]
[PlyCount "92"]
[EventDate "2023.05.19"]
[EventType "team-swiss"]
[EventRounds "9"]
[EventCountry "CHN"]
[SourceTitle "CBM 214 Extra"]
[Source "ChessBase"]
[SourceDate "2023.07.31"]
[SourceVersion "1"]
[SourceVersionDate "2023.07.31"]
[SourceQuality "1"]
[WhiteTeam "Chengdu"]
[BlackTeam "Shenzhen"]
[WhiteTeamCountry "CHN"]
[BlackTeamCountry "CHN"]

1. d4 Nf6 2. c4 e6 3. g3 d5 4. Bg2 dxc4 5. Nf3 Bb4+ 6. Bd2 a5 7. Qc2 b6 8. 0-0 0-0 9. Ne5 Ra7 10. Rd1 Ba6 11. Nxc4 c5 12. Bxb4 cxb4 13. Ne5 Rc7 14. Qd2 Qc8 15. Nd3 Rc2 16. Qe1 Nc6 17. e3 Rd8 18. a3 Nd5 19. Bxd5 exd5 20. axb4 Qf5 21. Ra3 Re8 22. Rc3 Nxd4 23. exd4 Rxe1+ 24. Rxe1 h6 25. Rxc2 Bxd3 26. Rcc1 axb4 27. Nd2 Bc2 28. Nf1 b3 29. Re2 Qd3 30. Rd2 Qf3 31. Rdxc2 bxc2 32. Rxc2 Qd1 33. Rd2 Qe1 34. Rc2 g5 35. Rc6 Qb4 36. Rxh6 Qxd4 37. Rd6 Qc5 38. Rd8+ Kh7 39. g4 d4 40. Ng3 Qc4 41. Nf5 d3 42. Ne3 Qc1+ 43. Kg2 d2 44. b4 b5 45. Rd5 Qc6 46. Kg3 Qxd5 0-1

[Event "CHN-ch sf"]
[Site "Hefei"]
[Date "2023.04.26"]
[Round "8"]
[White "Zhong, Kangmin"]
[Black "Li, Zhanjia"]
[Result "1-0"]
[WhiteElo "1856"]
[BlackElo "1667"]
[PlyCount "43"]
[EventDate "2023.04.23"]
[EventType "swiss"]
[EventRounds "11"]
[EventCountry "CHN"]
[SourceTitle "CBM 214 Extra"]
[Source "ChessBase"]
[SourceDate "2023.07.31"]
[SourceVersion "1"]
[SourceVersionDate "2023.07.31"]
[SourceQuality "1"]

1. d4 d5 2. c4 e6 3. Nf3 Nf6 4. g3 Be7 5. Bg2 0-0 6. 0-0 c6 7. Nc3 b6 8. Ne5 Bb7 9. e4 Nbd7 10. Nxc6 Bxc6 11. exd5 exd5 12. cxd5 Bb7 13. d6 Bxg2 14. dxe7 Qxe7 15. Kxg2 Rfd8 16. Qf3 Qb4 17. Rd1 Rac8 18. Rb1 Nf8 19. Bg5 Rd6 20. Bxf6 Rxf6 21. Qb7 Qc4 22. Nd5 1-0

[Event "CHN-ch sf"]
[Site "Hefei"]
[Date "2023.04.25"]
[Round "6"]
[White "Zhong, Kangmin"]
[Black "Chen, Zhi"]
[Result "1/2-1/2"]
[WhiteElo "1856"]
[BlackElo "1980"]
[PlyCount "45"]
[EventDate "2023.04.23"]
[EventType "swiss"]
[EventRounds "11"]
[EventCountry "CHN"]
[SourceTitle "CBM 214 Extra"]
[Source "ChessBase"]
[SourceDate "2023.07.31"]
[SourceVersion "1"]
[SourceVersionDate "2023.07.31"]
[SourceQuality "1"]

1. Nf3 Nf6 2. c4 e6 3. g3 Be7 4. Bg2 d5 5. d4 0-0 6. 0-0 c6 7. Nc3 Nbd7 8. Qd3 b6 9. e4 dxe4 10. Nxe4 Nxe4 11. Qxe4 Bb7 12. Rd1 Qc8 13. Bf4 Re8 14. Qc2 Bf6 15. c5 h6 16. Rac1 Rd8 17. Bd6 Nf8 18. h4 Ng6 19. Nh2 Ne7 20. Be5 Bxe5 21. dxe5 Qc7 22. Rxd8+ Rxd8 23. Qe2 1/2-1/2

[Event "China zt 3.5"]
[Site "Shenzhen"]
[Date "2023.04.13"]
[Round "9"]
[White "Zhong, Kangmin"]
[Black "Cai, Songliang"]
[Result "1/2-1/2"]
[WhiteElo "1856"]
[BlackElo "2073"]
[PlyCount "81"]
[EventDate "2023.04.05"]
[EventType "swiss"]
[EventRounds "9"]
[EventCountry "CHN"]
[SourceTitle "CBM 213 Extra"]
[Source "ChessBase"]
[SourceDate "2023.05.31"]
[SourceVersion "1"]
[SourceVersionDate "2023.05.31"]
[SourceQuality "1"]

1. d4 Nf6 2. c4 g6 3. Nc3 d5 4. cxd5 Nxd5 5. e4 Nxc3 6. bxc3 Bg7 7. Nf3 c5 8. Bb5+ Bd7 9. Rb1 Nc6 10. 0-0 0-0 11. Be2 b6 12. d5 Na5 13. c4 e6 14. Qc2 Re8 15. Bg5 f6 16. Bd2 Nb7 17. Bc3 Nd6 18. h3 e5 19. Rbd1 f5 20. exf5 Nxf5 21. Bd3 Nd4 22. Bxd4 exd4 23. Rde1 Qf6 24. Nh2 a6 25. Qd2 b5 26. Ng4 Qd6 27. Qg5 bxc4 28. Bxc4 Bb5 29. Qc1 h5 30. Nh2 Be5 31. Nf3 Bf4 32. Qc2 Kg7 33. Rb1 Bxc4 34. Qxc4 Rad8 35. Rb7+ Re7 36. Rxe7+ Qxe7 37. Re1 Qd6 38. Re6 Qxd5 39. Qxa6 Rd6 40. Qa7+ Rd7 41. Re7+ 1/2-1/2

[Event "China zt 3.5"]
[Site "Shenzhen"]
[Date "2023.04.07"]
[Round "3"]
[White "Huang, Renjie"]
[Black "Zhong, Kangmin"]
[Result "1-0"]
[WhiteElo "2413"]
[BlackElo "1856"]
[PlyCount "57"]
[EventDate "2023.04.05"]
[EventType "swiss"]
[EventRounds "9"]
[EventCountry "CHN"]
[SourceTitle "CBM 213 Extra"]
[Source "ChessBase"]
[SourceDate "2023.05.31"]
[SourceVersion "1"]
[SourceVersionDate "2023.05.31"]
[SourceQuality "1"]

1. e4 c5 2. Nf3 Nc6 3. Bb5 g6 4. 0-0 Bg7 5. Nc3 e5 6. d3 Nge7 7. a3 0-0 8. b4 b6 9. bxc5 bxc5 10. Bg5 Qa5 11. Bxc6 Nxc6 12. Nd5 f6 13. Be3 d6 14. Qd2 Qd8 15. Rab1 Be6 16. c3 Qd7 17. d4 cxd4 18. cxd4 Bg4 19. Rfc1 Bxf3 20. gxf3 Rf7 21. Qa2 Kh8 22. Nc7 Rc8 23. Rxc6 Rxc7 24. Rxc7 Qxc7 25. Qe6 h5 26. Rc1 Qb7 27. d5 Kh7 28. Qxd6 Rd7 29. Qc6 1-0

[Event "China zt 3.5"]
[Site "Shenzhen"]
[Date "2023.04.06"]
[Round "2"]
[White "Zhong, Kangmin"]
[Black "Kong, Xiangrui"]
[Result "1/2-1/2"]
[WhiteElo "1856"]
[BlackElo "2193"]
[PlyCount "94"]
[EventDate "2023.04.05"]
[EventType "swiss"]
[EventRounds "9"]
[EventCountry "CHN"]
[SourceTitle "CBM 213 Extra"]
[Source "ChessBase"]
[SourceDate "2023.05.31"]
[SourceVersion "1"]
[SourceVersionDate "2023.05.31"]
[SourceQuality "1"]

1. d4 d5 2. c4 c6 3. Nf3 Nf6 4. Nc3 e6 5. e3 Nbd7 6. Qc2 Bd6 7. b3 0-0 8. Be2 b6 9. 0-0 Bb7 10. Bb2 Qe7 11. Rad1 Rad8 12. Rfe1 Rfe8 13. h3 c5 14. cxd5 exd5 15. Bb5 Rc8 16. dxc5 bxc5 17. Qf5 Qe6 18. Qxe6 fxe6 19. e4 d4 20. Nxd4 cxd4 21. Rxd4 Bc5 22. Rxd7 Nxd7 23. Bxd7 Rf8 24. Bxe6+ Kh8 25. Bxc8 Bxf2+ 26. Kh2 Bxc8 27. Rd1 h5 28. Ba3 Re8 29. Rf1 Bd4 30. Nd5 Ba6 31. Rf8+ Rxf8 32. Bxf8 Bd3 33. Bb4 Bxe4 34. Bc3 Bc5 35. Bb4 Bf2 36. Nc3 Bc6 37. Na4 a6 38. Bc5 Be1 39. Bd4 Kg8 40. Nc5 Bb5 41. Ne4 Ba5 42. Kg1 Bc7 43. Nc5 Bb6 44. Ne6 Bd7 45. Bxb6 Bxe6 46. Kf2 Kf7 47. Ke3 Ke7 1/2-1/2

[Event "China zt 3.5"]
[Site "Shenzhen"]
[Date "2023.04.05"]
[Round "1"]
[White "Zhu, Hengyi"]
[Black "Zhong, Kangmin"]
[Result "1/2-1/2"]
[WhiteElo "2227"]
[BlackElo "1856"]
[PlyCount "61"]
[EventDate "2023.04.05"]
[EventType "swiss"]
[EventRounds "9"]
[EventCountry "CHN"]
[SourceTitle "CBM 213 Extra"]
[Source "ChessBase"]
[SourceDate "2023.05.31"]
[SourceVersion "1"]
[SourceVersionDate "2023.05.31"]
[SourceQuality "1"]

1. e4 c5 2. Nf3 Nc6 3. Nc3 e6 4. d4 cxd4 5. Nxd4 Nf6 6. Nxc6 bxc6 7. e5 Nd5 8. Ne4 Qc7 9. f4 Qb6 10. c4 Bb4+ 11. Ke2 f5 12. Nf2 Ba6 13. Kf3 Ne7 14. Be3 Bc5 15. Bxc5 Qxc5 16. Qd6 Qb6 17. Rd1 Qxb2 18. Qxd7+ Kf7 19. Rd6 Qa3+ 20. Bd3 Bxc4 21. Rb1 Rhd8 22. Qc7 Rac8 23. Qxd8 Rxd8 24. Rxd8 c5 25. Rbb8 Bd5+ 26. Ke2 Nc6 27. Rd7+ Kg6 28. Rg8 Nd4+ 29. Kd2 Qb4+ 30. Kc1 Qa3+ 31. Kd2 1/2-1/2

[Event "China zt 3.5"]
[Site "Shaoxing"]
[Date "2021.05.29"]
[Round "7"]
[White "Gu, Jiazhen"]
[Black "Zhong, Kangmin"]
[Result "1/2-1/2"]
[WhiteElo "2116"]
[BlackElo "1825"]
[PlyCount "117"]
[EventDate "2021.05.23"]
[EventType "swiss"]
[EventRounds "9"]
[EventCountry "CHN"]
[SourceTitle "CBM 202 Extra"]
[Source "ChessBase"]
[SourceDate "2021.07.31"]
[SourceVersion "1"]
[SourceVersionDate "2021.07.31"]
[SourceQuality "1"]

1. d4 d5 2. Nf3 Nf6 3. c4 c6 4. Nc3 a6 5. c5 Nbd7 6. h3 Qc7 7. Bg5 h6 8. Be3 e5 9. dxe5 Nxe5 10. Nxe5 Qxe5 11. Bd4 Qg5 12. e3 Be7 13. Qf3 Bf5 14. h4 Qg6 15. Qf4 0-0 16. Be2 Nh5 17. Qc7 Bf6 18. Bxh5 Qxh5 19. Bxf6 gxf6 20. Rd1 Rad8 21. Rd4 Bc8 22. Qf4 Kg7 23. Kd2 Qe5 24. Ne2 Kh7 25. g4 Rg8 26. f3 Rde8 27. Ng3 Rg6 28. b4 Reg8 29. Nh5 Re8 30. g5 Qxf4 31. Nxf4 fxg5 32. Nxg6 Kxg6 33. hxg5 hxg5 34. Ke2 Be6 35. a4 Ra8 36. Kf2 Rb8 37. Rb1 Rc8 38. Kg3 Rh8 39. b5 axb5 40. axb5 cxb5 41. Rxb5 Rc8 42. Rdb4 Rc7 43. Rb2 Bf5 44. Rd2 Be6 45. Rdb2 Kg7 46. Kf2 Kf6 47. Ke2 Ke5 48. R2b4 Bc8 49. Kd3 Bf5+ 50. Kc3 Bd7 51. Ra5 Bc6 52. Kd3 Rc8 53. Ra1 Rh8 54. Rg1 f6 55. Rb2 Rh4 56. Rg4 Rh1 57. Rgb4 Rd1+ 58. Ke2 Rh1 59. Kd3 1/2-1/2